| 000 | 01858nam a2200421 c 4500 | ||
|---|---|---|---|
| 003 | BLK | ||
| 005 | 20241130094207.0 | ||
| 008 | 180408b bul|||||r ||||||| ||bul|| | ||
| 010 | _aKNG00086043000 | ||
| 020 |
_a978-954-340-113-0 _bиздат.: Милениум |
||
| 040 | _aBLK | ||
| 041 |
_aBUL _cBUL |
||
| 080 |
_aБългарска литература _b821.163.2 _x-94 _z821.163.2-94 |
||
| 080 |
_aАктьори, театрални _b792.071.2 _x(497.2)(092) _z792.071.2(497.2)(092) |
||
| 080 |
_aКиноактьори _b791.44.071.2 _x(497.2)(092) _z791.44.071.2(497.2)(092) |
||
| 080 |
_aБългарски актьор _b929 Парцалев, Георги Иванов _x _z929 Парцалев, Георги Иванов |
||
| 100 | 1 |
_aИванова, Ивайла _eпърви автор _9299009 |
|
| 139 |
_aИванова, Ивайла _bИ 22 |
||
| 245 | 1 | 0 |
_aТайните на Георги Парцалев _cИвайла Иванова. |
| 257 | _aBGR | ||
| 260 |
_аСофия _bМилениум _c2008 _fСофия : Мултипринт |
||
| 300 |
_a168 с. _c20 см |
||
| 380 | _aX | ||
| 500 | _aОфс. изд. - Филмография : 58 роли в Сатиричния и телевизионния театър ; Библиогр. с. 166. | ||
| 590 | _aф | ||
| 600 | 1 | 4 |
_aПарцалев, Георги Иванов _9267570 |
| 650 | 4 |
_aАртисти, български _9255582 |
|
| 650 | 4 |
_aПарцалев, Георги Иванов _9267570 |
|
| 653 | _aбългарски артисти | ||
| 653 | _aГеорги Парцалев | ||
| 653 | _aбиографии | ||
| 852 | _aЦб 241626 | ||
| 856 | 4 |
_qpdf _u |
|
| 856 | 4 |
_qpdf _u |
|
| 942 |
_cKNG _n0 _051 |
||
| 944 |
_aCR _c27.10.2008 _lИвелин Русев _k30563 |
||
| 944 |
_aED _c28.04.2015 _lф / _kПенка_Димитрова |
||
| 999 |
_c81539 _d81539 |
||